000 00378 a2200121 4500
001 ART_43818
005 20260410162025.0
008 260409a
245 1 0 _aUnemployment compensation finance and efficiency wages
100 1 _aAlbrecht, James W.
700 1 _aVroman, Susan
773 0 _tJournal of labor economics
_g- Vol. 17, NÂș 1 (ene. 1999)
_wREV43438
999 _c33526
_d33526